000
00333nam a22001457a 4500
003
SGT
082
_a
342.0954,PAN
100
_a
PANDAY,J.N
245
_a
THE CONSTITUTIONAL LAW OF INDIA
250
_a
50TH
260
_a
ALLAHABAD
_b
CENTRAL LAW AGENCY
_c
2013
300
_a
851
650
_a
CONSTITUTIONAL LAW - INDIA
942
_2
ddc
_c
BK
999
_c
9549
_d
9549